| 000 | 00509nam a2200181Ia 4500 | ||
|---|---|---|---|
| 008 | 240729s9999 xx 000 0 und d | ||
| 022 | _a2255-8950 | ||
| 245 | 0 | _aBaltic Journal of Modern Computing | |
| 260 | _aLatvia | ||
| 260 | _bUniveristy of Latvia | ||
| 650 | _a Electronic computers. Computer science | ||
| 650 | _a Instruments and machines | ||
| 650 | _a Mathematics | ||
| 650 | _aScience | ||
| 856 | _uhttps://doaj.org/toc/59b1232c57be4232810a3b1d1684013c | ||
| 942 | _2ddc | ||
| 942 | _cDOAJEJ | ||
| 999 |
_c72202 _d72202 |
||
| 945 |
_a1 _bMadushi Gamage _c1 _dMadushi Gamage |
||